000 00382 a2200145 4500
005 20250411094839.0
020 _a0-07-054335-6
082 _a658.85 BUS
100 _aBUSKIRK, R. H.
245 _aInstructor's Manual to Accompany Textbook of Sale-Manship
250 _a9th Ed.
260 _aNew York,
_bMcGraw-Hill,
_c1974.
300 _a267p. ill.,
_c22cm.
942 _2ddc
_cBKS
999 _c1313
_d1313